| 000 -ლიდერი |
| ფიქსირებული სიგრძის საკონტროლო ველი |
01597nam a2200289Ia 4500 |
| 001 - საკონტროლო ნომერი |
| საკონტროლო ველი |
23045 |
| 003 - საკონტროლო ნომრის იდენტიფიკატორი |
| საკონტროლო ველი |
GE_BSU |
| 005 - ბოლო ოპერაციის თარიღი და დრო |
| საკონტროლო ველი |
20230629162518.0 |
| 008 - ფიქსირებული სიგრძის მონაცემთა ელემენტები - ზოგადი ინფორმაცია |
| ფიქსირებული სიგრძის საკონტროლო ველი |
181216s1949||||ge |||||||||||||| ||geo|| |
| 040 ## - კატალოგიზაციის წყარო |
| Transcribing agency |
GE_BSU |
| 041 ## - ენის კოდი |
| Language code of text/sound track or separate title |
geo |
| 080 ## - უნივერსალური ათობითი კლასიფიკაციის ინდექსი |
| Universal Decimal Classification number |
821.14'01.09 ყ-36 |
| 100 ## - მთავარი ჩანაწერი - პიროვნების სახელი |
| Personal name |
ყაუხჩიშვილი, სიმონ |
| 9 (RLIN) |
1490 |
| 245 ## - ცნობა სათაურის შესახებ |
| Title |
ბერძნული ლიტერატურის ისტორია. ტ. 2 : |
| Remainder of title |
ელინისტური პერიოდი.ბიზანტიური პერიოდი / |
| Statement of responsibility, etc |
სიმონ ყაუხჩიშვილი ; რედ. პ. ბერაძე. |
| 264 ## - წარმოების, გამოცემის, დისტრიბუციის და სხვა ცნობები |
| გამოცემის, წარმოების, დისტრიბუციის... ადგილი |
თბილისი : |
| გამოცემის, წარმოების, დისტრიბუციის... სახელწოდება |
უნ-ტის გამ-ბა, |
| გამოცემის, წარმოების, დისტრიბუციის... თარიღი |
1949. |
| 300 ## - ფიზიკური აღწერა |
| Extent |
XI, 495 გვ. ; |
| Accompanying material |
20 სმ |
| 500 ## - ზოგადი შენიშვნა |
| General note |
პარალელური თავფურცელი რუსულ ენაზე . |
| 500 ## - ზოგადი შენიშვნა |
| General note |
საკუთარ სახელთა საძიებელი : გვ. 474-95 |
| 504 ## - BIBLIOGRAPHY, ETC. NOTE |
| Bibliography, etc |
ბიბლიოგრაფია ბიბლიოგრაფია ტექსტის შენიშვნებში |
| 653 ## - INDEX TERM--UNCONTROLLED |
| Uncontrolled term |
ბერძნული ლიტერატურა |
| 653 ## - INDEX TERM--UNCONTROLLED |
| Uncontrolled term |
ბერძნული ლიტერატურის ისტორია |
| 653 ## - INDEX TERM--UNCONTROLLED |
| Uncontrolled term |
ბერძნული ლიტერატურის ისტორია. ტ. 2 |
| 653 ## - INDEX TERM--UNCONTROLLED |
| Uncontrolled term |
ბიზანტიური პერიოდი |
| 700 ## - ADDED ENTRY--PERSONAL NAME |
| Personal name |
ბერაძე, პ. |
| Relator term |
რედაქტორი |
| 9 (RLIN) |
16056 |
| 942 ## - ADDED ENTRY ELEMENTS (KOHA) |
| Koha item type |
წიგნი |
| Source of classification or shelving scheme |
|